Účtovať rýchlejšie a jednoduchšie
Výhody používania čiarových kódov pre maloobchod, veľkoobchod a prepravu. Najčastejšie chyby pri používaní čiarových kódov. Zabezpečenie dobrej čitateľnosti čiarových kódov.
Salvato in:
| Natura: | Capitolo di libro |
|---|---|
| Lingua: | slovacco |
| Soggetti: | |
| Tags: |
Nessun Tag, puoi essere il primo ad aggiungerne!!
|
MARC
| LEADER | 00000naa a2200000 4500 | ||
|---|---|---|---|
| 001 | r036904 | ||
| 005 | 20230929112953.5 | ||
| 041 | 0 | |a slo | |
| 044 | |a SK | ||
| 245 | 1 | 0 | |a Účtovať rýchlejšie a jednoduchšie |
| 520 | |a Výhody používania čiarových kódov pre maloobchod, veľkoobchod a prepravu. Najčastejšie chyby pri používaní čiarových kódov. Zabezpečenie dobrej čitateľnosti čiarových kódov. | ||
| 610 | 2 | 0 | |a kódy čiarové |
| 610 | 2 | 0 | |a technika obchodná |
| 610 | 2 | 0 | |a identifikácia automatická |
| 610 | 2 | 0 | |a snímače |